000 00329nam a2200133Ia 4500
008 220204s9999 xx 000 0 und d
082 _a62(031)
_bJON
245 0 _aEngineering encyclopedia
250 _aEd.3
260 _aNew York
_bIndustrial
_c1963
700 _aJones, Franklin D
700 _aSchubert, Paul B
942 _cBK
999 _c27049
_d27049